| 000 | 00576nam a2200205 a 4500 | ||
|---|---|---|---|
| 005 | 20140311163023.0 | ||
| 008 | 070920s19uu xx 00 eng d | ||
| 020 | _a0749445521 | ||
| 050 |
_aHF 5719 _b.F67 2010 |
||
| 100 | _aForsyth, Patrick | ||
| 245 |
_aHow to write reports & proposals. / _cPatrick Forsyth |
||
| 250 | _a2nd ed. | ||
| 260 |
_aLondon : _bKogan Page, _c2006. |
||
| 300 |
_a118 p. : _c22 cm. |
||
| 650 | _aBusiness report writing. | ||
| 650 | _aProposal writing in business. | ||
| 650 | _aBusiness writing. | ||
| 942 |
_cBK _2lcc _kFOR |
||
| 999 |
_c39494 _d39494 |
||